[Event "Landsturneringen 2011"]
[Site "Oslo NOR"]
[Date "2011.07.06"]
[Round "5"]
[White "Bakken, Svein-Erik"]
[Black "Nordmark, Oddvar"]
[Result "1-0"]
[WhiteElo "1370"]
[BlackElo "1197"]
[PlyCount "49"]
[EventDate "2011.07.02"]

1. d4 d5 2. c4 e6 3. Nc3 Nf6 4. Bg5 Be7 5. e3 O-O 6. Nf3 Nbd7 7. Qc2 Re8 8. Bd3
dxc4 9. Bxc4 b6 10. O-O Bb7 11. Be2 Rc8 12. Rac1 h6 13. Bh4 c5 14. dxc5 Nxc5
15. Rfd1 Qc7 16. Bg3 Qc6 17. Bb5 Nfe4 18. Bxc6 Rxc6 19. Nxe4 Nxe4 20. Qe2 Rec8
21. Rxc6 Rxc6 22. Be5 Nc5 23. Rc1 Ba6 24. Qd1 f6 25. b4 1-0

[Event "Landsturneringen 2011"]
[Site "Oslo NOR"]
[Date "2011.07.07"]
[Round "6"]
[White "Gundersen, Arvid"]
[Black "Bakken, Svein-Erik"]
[Result "1-0"]
[WhiteElo "1463"]
[BlackElo "1370"]
[PlyCount "63"]
[EventDate "2011.07.02"]

1. d4 d5 2. c4 e6 3. Nc3 Nf6 4. Nf3 Be7 5. e3 O-O 6. Bd3 b6 7. cxd5 exd5 8. O-O
Bg4 9. h3 Bh5 10. Be2 Nbd7 11. Bd2 Ne4 12. Nxd5 c5 13. Nf4 Bg6 14. Nxg6 hxg6
15. Rc1 Ndf6 16. Bc3 g5 17. Nd2 Rc8 18. Nxe4 Nxe4 19. Bf3 Nxc3 20. bxc3 cxd4
21. cxd4 Qd6 22. Qd2 g6 23. Rfd1 f5 24. Rxc8 Rxc8 25. Rc1 Rxc1+ 26. Qxc1 Kg7
27. Qc4 Bf6 28. Bd1 a5 29. Bb3 Qd8 30. Qf7+ Kh6 31. Qg8 Bg7 32. Qxd8 1-0

[Event "Landsturneringen 2011"]
[Site "Oslo NOR"]
[Date "2011.07.07"]
[Round "6"]
[White "Garmark, Vegard"]
[Black "Sand, Morten"]
[Result "1-0"]
[WhiteElo "1158"]
[BlackElo "1241"]
[Annotator "Fritz 11 (30s)"]
[PlyCount "71"]
[EventDate "2011.07.02"]

{B84: Sicilian Scheveningen: 6 Be2 a6, lines without early Be3} 1. e4 c5 2. Nf3
d6 3. Nc3 e6 4. d4 cxd4 5. Nxd4 Nf6 6. Be2 Be7 7. O-O O-O 8. f4 a6 9. Kh1 b5
10. Qe1 $4 $146 {Black has a cramped position. White lets it slip away} (10.
Bf3 e5 (10... Ra7 11. Qe1 (11. Be3 Rd7 12. f5 e5 13. Nde2 Bb7 14. Ng3 d5 15.
Nxd5 Nxd5 16. exd5 Bxd5 17. Bxd5 Rxd5 18. Qf3 Qd7 19. f6 Bxf6 20. Nh5 Bh4 21.
Rad1 Rxd1 22. Rxd1 e4 23. Qe2 Qe6 24. Nf4 Qc4 25. Qxc4 bxc4 {Biedma Martin,E
(2288)-Candilejo Ronchel,A (2118)/Seville 2001/CBM 080 ext/1-0 (36)}) 11... Rc7
12. a3 Bb7 13. Be3 Nbd7 14. Rd1 Qa8 15. Bg1 Rfc8 16. e5 dxe5 17. fxe5 Ng4 18.
Bxb7 Rxb7 19. Nf3 Qb8 20. Bd4 a5 21. Qe2 b4 22. axb4 axb4 23. Ne4 Ngxe5 24.
Nxe5 Nxe5 25. Ng5 {
Chandler,M (2560)-Speelman,J (2605)/Hastings 1990/CBM 022/1/2-1/2 (50)}) 11.
Nf5 Bxf5 (11... Be6 12. Qe1 b4 13. Qg3 Bxf5 14. exf5 Ra7 15. Nd5 Nxd5 16. Bxd5
Rc7 17. fxe5 dxe5 18. Bh6 {
1-0 Juarez Flores,C (2400)-Cruz,B/Cali 2001/CBM 083 ext}) 12. exf5 Nbd7 13.
Bxa8 Qxa8 14. fxe5 dxe5 15. Qf3 e4 16. Qg3 Qc6 17. a3 a5 18. Rf2 Bd6 19. Qh4 b4
20. axb4 Bxb4 21. Qh3 Ne5 22. Bg5 Nfg4 23. Re2 Bc5 24. Bf4 Qa6 {Trujillo Delgad
o,D (2225)-Heimbaecher,F (2026)/La Laguna 2007/CBM 117 ext/1-0 (51)}) (10. e5
$142 Ne8 11. Bf3 $16) 10... Bb7 {Black threatens to win material: Bb7xe4} (
10... b4 11. Nd1 Nxe4 12. Nf2 $15) 11. Bd3 {Black has a cramped position} Nbd7
12. f5 {This push gains space} (12. b4 Nb6 $11) 12... Nc5 13. a3 Qd7 {
White has a very active position} (13... e5 14. Nf3 $17) 14. Nf3 (14. Bg5 e5
15. Nb3 Nxd3 16. cxd3 Qd8 $15) 14... Rfe8 (14... exf5 $142 15. exf5 Rfe8 $17)
15. b4 $2 (15. fxe6 $142 {is the best option White has} Qxe6 16. Nd4 $15) 15...
Nxd3 $19 16. cxd3 exf5 17. e5 $2 (17. Bb2 Rac8 $19) 17... Bd8 (17... Bxf3 {
might be the shorter path} 18. Rxf3 dxe5 19. Bd2 $19) 18. d4 Rc8 19. Bb2 Bxf3
20. Rxf3 dxe5 21. dxe5 Bc7 22. Re3 Nd5 $4 {spoils everything} (22... Ng4 $142 {
Black clearly has the better chances} 23. Rd1 Qe6 $19) 23. Rd1 $18 Qe6 $2 (
23... Nxe3 24. Rxd7 Bxe5 25. Qc1 $18) 24. Rxd5 (24. Nxd5 $142 {
keeps an even firmer grip} Bd8 25. Rc3 Rxc3 26. Qxc3 $18 (26. Nxc3 $6 f6 $18))
24... f6 25. Rc5 (25. Rd1 f4 26. Re2 Bxe5 $18) 25... fxe5 (25... Bxe5 26. Rxc8
Rxc8 27. Ne2 $16) 26. h3 (26. Nd5 Bd6 27. Rxc8 Qxc8 $18) 26... e4 (26... Bd6
27. Rxc8 Rxc8 28. Ne2 $16) 27. Nd5 (27. Ne2 $5 Qd7 28. Rec3 $18) 27... Bb8 $16
28. Rec3 Rxc5 29. Rxc5 Bd6 $2 (29... Qd6 $142 $5 30. Qg1 e3 31. Nxe3 Qf4 $16)
30. Nc7 $18 Bxc7 31. Rxc7 Re7 32. Rxe7 Qxe7 33. Qc3 (33. Qd1 $142 h6 34. Qd5+
Qf7 35. Qa8+ Kh7 36. Qxa6 $18) 33... f4 $4 {
but even a better move would not have saved the game} (33... Qd7 $142 $18) 34.
Qc8+ Qf8 35. Qe6+ Qf7 36. Qxe4 1-0

[Event "Landsturneringen 2011"]
[Site "Oslo NOR"]
[Date "2011.07.08"]
[Round "7"]
[White "Simonsen, Steinar"]
[Black "Bakken, Svein-Erik"]
[Result "1/2-1/2"]
[WhiteElo "1280"]
[BlackElo "1370"]
[Annotator "Bakken,Svein-Erik"]
[PlyCount "110"]
[EventDate "2011.07.02"]

1. e4 c5 2. Nf3 Nc6 3. d4 cxd4 4. Nxd4 a6 5. Nc3 e6 6. Be3 Qc7 7. Be2 Nf6 8.
Nxc6 bxc6 9. O-O d5 10. Bf3 Bb7 11. exd5 cxd5 12. Re1 Be7 13. Ne2 O-O 14. Rc1
Rac8 15. c3 e5 16. Ng3 Rfd8 17. Nf5 Qd7 18. Nxe7+ Qxe7 19. Bg5 Rd6 20. Qb3 Re8
21. Bxf6 gxf6 22. Rcd1 Qd7 23. h3 f5 24. g3 e4 25. Bg2 Bc6 26. Qb4 Bb5 27. b3
Rd8 28. Qd4 Qe6 29. a4 Be8 30. Kh2 Rb6 31. Rb1 Rdb8 32. f3 Rxb3 33. Rxb3 Rxb3
34. f4 Qc6 35. Rc1 Bd7 36. c4 Qxa4 37. Qxd5 Be6 38. Qd8+ Kg7 39. Qg5+ Kf8 40.
Qd8+ Qe8 41. Qd6+ Qe7 42. Qxa6 Qc5 43. Qa8+ Kg7 44. Qa6 Qe3 45. Rg1 Qxg3+ 46.
Kh1 Kh6 47. Qa1 Rc3 48. Qa8 Re3 (48... Rxc4 49. Qf8+ Kh5 50. Qh8 h6) 49. Qf8+
Qg7 50. Qe7 Qg3 51. Qf6+ Qg6 52. Qh4+ Qh5 53. Qf6+ Qg6 54. Qh4+ Qh5 55. Qf6+
Qg6 1/2-1/2

[Event "Landsturneringen 2011"]
[Site "Oslo NOR"]
[Date "2011.07.08"]
[Round "7"]
[White "Hansen, Ulf"]
[Black "Garmark, Vegard"]
[Result "0-1"]
[WhiteElo "1235"]
[BlackElo "1158"]
[Annotator "Fritz 11 (30s)"]
[PlyCount "80"]
[EventDate "2011.07.02"]

{A22: English Opening: 1...e5 2 Nc3 Nf6} 1. c4 e5 2. g3 Nf6 3. Bg2 c6 4. Nc3 d6
5. e3 Nbd7 $146 (5... Be6 6. d3 (6. b3 Qc7 (6... d5 7. cxd5 Nxd5 8. Nge2 Nxc3
9. dxc3 Nd7 10. O-O Be7 11. Qc2 O-O 12. c4 a5 13. Bb2 a4 14. f4 f6 15. fxe5
fxe5 16. Be4 axb3 17. Bxh7+ Kh8 18. axb3 Rxa1 19. Bxa1 Rxf1+ 20. Kxf1 Bh3+ 21.
Ke1 {Valden,P (2185)-Dziuba,M (2416)/Linares 2005/CBM 105 ext/0-1}) 7. Bb2 Nbd7
8. Nge2 d5 9. cxd5 cxd5 10. Rc1 Qa5 11. O-O Bd6 12. f4 exf4 13. Nxf4 O-O 14.
Nh5 Ba3 15. Bxa3 Qxa3 16. Nxf6+ Nxf6 17. Rxf6 gxf6 18. Nxd5 Kg7 19. Nc7 Rab8
20. Nxe6+ fxe6 {Stull,N (2255)-Kann,E/Lugano 1968/MCD/1-0}) 6... Be7 7. Nge2
O-O 8. O-O d5 9. cxd5 cxd5 10. d4 Nc6 11. a3 Rc8 12. dxe5 Nxe5 13. Nf4 Qc7 14.
Nxe6 fxe6 15. Bh3 Qc6 16. Bd2 d4 17. exd4 Nf3+ 18. Kh1 Nxd4+ 19. Bg2 Qb6 20.
Na4 {Staley,T (974)-Dunn,K (1103)/Greenville 2006/CBM 112 ext/1-0 (55)}) (5...
Be7 6. Nge2 O-O 7. O-O Be6 8. b3 Qc8 9. Re1 Bh3 10. Bh1 Qf5 11. Ba3 Re8 12. e4
Qh5 13. f3 Nbd7 14. Bg2 Nc5 15. d4 Ne6 16. Kh1 Bxg2+ 17. Kxg2 Bf8 18. d5 {
1/2-1/2 San Segundo Carrillo,P (2430)-Zapata,A (2530)/Salamanca 1991/CBM 023})
6. d4 Be7 7. d5 {White wins space} (7. Nge2 h5 $11) 7... c5 (7... Qb6 $142 $5
$15 {should be investigated more closely}) 8. Nf3 O-O 9. O-O Re8 (9... a6 10.
a4 $14) 10. e4 $16 a6 {Consolidates b5} 11. h3 {Controls g4} (11. Qd3 b5 $14)
11... b5 $11 {Playing against the pawn chain} 12. b3 (12. Qc2 $142 $5 $11 {
and White is still in the game}) 12... b4 $17 13. Na4 Nxe4 14. h4 f5 15. Ne1
Nef6 16. Bg5 (16. Nd3 Rb8 $17) 16... h6 17. Be3 Ng4 (17... e4 18. Rc1 $19) 18.
Bh3 (18. Bxc5 $142 $5 Rb8 19. Be3 $17) 18... Ndf6 $19 19. Qd3 e4 20. Qd2 Kh7
21. Ng2 (21. Rc1 Bd7 $19) 21... Ne5 22. Ne1 $2 (22. Kh1 Nfg4 $19) 22... Nfg4 (
22... f4 $142 {and Black wins} 23. Bxc8 fxe3 24. Bf5+ g6 25. fxe3 gxf5 26. Rxf5
$19) 23. Bf4 Bf6 24. Rd1 (24. Rb1 g5 25. Bxe5 Nxe5 $19 (25... dxe5 $143 26.
Bxg4 gxh4 27. Bh3 $16) (25... Rxe5 $6 26. f4 Re7 27. Bxg4 gxh4 28. Bh3 $19) (
25... Bxe5 $6 26. Bxg4 fxg4 27. hxg5 $19)) 24... g5 25. hxg5 (25. Bxe5 Nxe5 (
25... dxe5 $2 26. Bxg4 fxg4 27. hxg5 Bxg5 28. Qc2 $18) (25... Rxe5 $6 26. f4
gxf4 27. Bxg4 fxg3 28. Qf4 $17) (25... Bxe5 $6 26. Bxg4 fxg4 27. Ng2 $19) 26.
Qe3 Kg7 $19) 25... hxg5 26. Bxe5 Nxe5 (26... Rxe5 $6 27. Bxg4 fxg4 28. Nc2 $17)
(26... Bxe5 $6 27. Bxg4 fxg4 28. Ng2 $19) 27. f3 (27. Qe2 {desperation} Kg7 28.
Bg2 $19) 27... g4 28. fxg4 fxg4 29. Bg2 (29. Qf4 {does not save the day} Kg7 (
29... gxh3 $143 30. Qxf6 Bg4 31. Qxd8 Raxd8 32. Ra1 $19) 30. Qxf6+ Qxf6 31.
Rxf6 Kxf6 $19) 29... Nf3+ 30. Bxf3 gxf3 31. Nxf3 exf3 32. Rxf3 (32. Qf4 {
hardly improves anything} Kg7 33. Qxf3 $19) 32... Bg5 {
Black threatens to win material: Bg5xd2} (32... Bg4 $142 {ends the debate} 33.
Rf4 Bxd1 34. Qxd1 Bd4+ 35. Kh1 Ra7 $19) 33. Qd3+ $11 Kg7 34. Rdf1 $4 {
spoils everything} (34. Rf7+ $142 $1 {this is the best bet to save the position
} Kxf7 35. Qh7+ Kf8 36. Qh8+ Kf7 37. Qh7+ Kf8 38. Qh8+ Kf7 39. Qh7+ $11) 34...
Ra7 $19 35. Kg2 (35. a3 {is no salvation} bxa3 36. b4 Bg4 37. Qxa3 Bxf3 38.
Qxf3 cxb4 $19) 35... Rae7 36. Rh1 (36. Qd1 Qd7 37. Qa1+ Kg8 38. Rh1 Re2+ 39.
Kf1 $19) 36... Re2+ 37. Rf2 (37. Kg1 {hoping against hope} R8e4 38. Rf2 Re1+
39. Rf1 $19) 37... Rxf2+ 38. Kxf2 Qf6+ 39. Kg2 Bf5 40. Qd1 Be4+ (40... Be4+ 41.
Kg1 Be3+ 42. Kh2 Rh8+ 43. Qh5 Rxh5#) 0-1

[Event "Landsturneringen 2011"]
[Site "Oslo NOR"]
[Date "2011.07.09"]
[Round "8"]
[White "Bakken, Svein-Erik"]
[Black "Teigen, Tore"]
[Result "1-0"]
[WhiteElo "1370"]
[BlackElo "1411"]
[Annotator "Bakken,Svein-Erik"]
[PlyCount "100"]
[EventDate "2011.07.02"]

1. d4 Nf6 2. c4 e6 3. Nc3 Bb4 4. Bg5 h6 5. Bh4 c5 6. d5 d6 7. e3 g5 8. Bg3 e5
9. Nf3 (9. Bd3 e4 10. Bc2) 9... Bg4 10. Be2 Nbd7 11. Nd2 Bf5 12. h3 Bxc3 13.
bxc3 Qe7 14. Qb3 b6 15. h4 g4 16. h5 O-O 17. Qd1 Kh8 18. e4 Nxe4 19. Nxe4 Bxe4
20. Bxg4 Rg8 21. Bh4 Rg5 22. Bxg5 hxg5 23. Bf3 Bh7 24. Qd2 f5 25. O-O-O e4 26.
Rde1 Qf6 27. Bd1 Ne5 28. Be2 Rf8 29. f4 exf3 30. gxf3 f4 31. Kb2 Rg8 32. Kb3
Rg7 33. Ref1 Rf7 34. Bd1 a5 35. a4 Rc7 36. Bc2 Re7 37. Bxh7 Rxh7 38. Qd1 Kg7
39. Qc2 Rh6 40. Qg2 Qf5 41. Rd1 Rf6 42. Qf1 Kh6 43. Rb1 Rf8 44. Qe2 Rb8 45. Ka2
Qf6 46. Qe4 Rb7 47. Rh2 Rb8 48. Rhb2 Rb7 49. Rxb6 Rxb6 50. Rxb6 Kxh5 1-0

[Event "Landsturneringen 2011"]
[Site "Oslo NOR"]
[Date "2011.07.10"]
[Round "9"]
[White "Gulliksen, Leif"]
[Black "Bakken, Svein-Erik"]
[Result "0-1"]
[WhiteElo "1290"]
[BlackElo "1370"]
[PlyCount "92"]
[EventDate "2011.07.02"]

1. d4 d5 2. c4 Nf6 3. Nc3 e6 4. Nf3 Be7 5. Bg5 O-O 6. e3 Nbd7 7. Bd3 c5 8. O-O
cxd4 9. Nxd4 dxc4 10. Bxc4 Qa5 11. Bf4 a6 12. Rc1 Re8 13. Nb3 Qd8 14. h3 b5 15.
Bd3 Bb7 16. a3 Rc8 17. Qe2 e5 18. Bh2 e4 19. Bb1 Qb6 20. Rfd1 Nc5 21. Nxc5 Rxc5
22. b4 Rcc8 23. Be5 Qe6 24. Bd4 h6 25. Ba2 Qf5 26. Qb2 Qg5 27. Qb3 Rf8 28. Ne2
h5 29. Rxc8 Bxc8 30. Nf4 h4 31. Bxf6 Bxf6 32. Rd5 Be5 33. Rc5 Qf5 34. Qd5 Re8
35. Qc6 Rd8 36. Rd5 Rxd5 37. Nxd5 Qd7 38. Qc2 Bb7 39. Qxe4 Qe6 40. Qd3 Qd6 41.
f4 Bb2 42. e4 Bxd5 43. exd5 Qxf4 44. d6 Bd4+ 45. Kh1 Qc1+ 46. Kh2 Qg1# 0-1

[Event "Landsturneringen 2010"]
[Site "Fredrikstad, Østfold NOR"]
[Date "2010.07.03"]
[Round "1"]
[White "Pedersen, Erik Lind"]
[Black "Weberg, Øivind"]
[Result "0-1"]
[WhiteElo "1286"]
[BlackElo "1486"]
[Annotator "Weberg, Øivind"]
[PlyCount "66"]

1. c4 c5 2. Nc3 Nc6 3. g3 g6 4. Bg2 Bg7 5. e4 Nf6 6. Nge2 O-O 7. O-O d6 8. b3
Bg4 9. Bb2 Ne5 10. d3 Qd7 11. f4 Nc6 12. Qd2 Bh3 13. Rad1 Bxg2 14. Kxg2 Ng4 15.
h3 Nf6 16. Nd5 Nxd5 17. Bxg7 Kxg7 18. exd5 Nd8 19. d4 b6 20. f5 f6 21. Nf4 g5
22. Nh5+ Kh8 23. g4 Nf7 24. Rde1 cxd4 25. Re6 Ne5 26. Qxd4 Rac8 27. Rc1 b5 28.
c5 dxc5 29. Rxc5 Rxc5 30. Qxc5 Rc8 31. Qd4 Rc2+ 32. Kg3 Qc7 $3 {Vinner.} 33. d6
Qc6 0-1

[Event "Landsturneringen 2010"]
[Site "Fredrikstad, Østfold NOR"]
[Date "2010.07.05"]
[Round "4"]
[White "Steinskog, Tom"]
[Black "Garmark, Vegard"]
[Result "0-1"]
[WhiteElo "1117"]
[BlackElo "1077"]
[Annotator "Fritz 11 (30s)"]
[PlyCount "66"]
[EventDate "2010.07.03"]

{A55: Old Indian Defence with Nf3 and e4} 1. c4 e5 2. g3 Nf6 3. Bg2 c6 4. Nc3
Be7 5. Nf3 d6 6. O-O O-O 7. d4 Nbd7 8. e4 {last book move} exd4 9. Nxd4 Nc5 10.
Be3 {Black has a cramped position} Ng4 11. Nc2 Nxe3 12. Nxe3 {
Black has the pair of bishops} Qb6 13. Rb1 Be6 (13... Bf6 $5) 14. b4 Nd7 15. a4
Ne5 16. Qe2 Qd4 {Will c4 fall?} 17. Qc2 Nxc4 18. Nxc4 Qxc4 19. Rfc1 Qd4 (19...
Bf6 20. Bf1 Qd4 21. Ne2 $17) 20. Ne2 Qe5 21. f4 {
White threatens to win material: f4xe5} Qh5 22. f5 Bd7 23. Nf4 Qg5 24. Rf1 d5
$1 {Deflection: d5 [%emt 0:00:00]} 25. Qe2 (25. exd5 Bxf5 {Deflection}) 25...
dxe4 26. Nh3 Qf6 27. Bxe4 Rfe8 28. Qd3 Rad8 29. Qc2 Qd4+ 30. Kh1 Bf6 (30...
Bxb4 $142 {seems even better} 31. Nf2 $19) 31. Bd3 c5 $1 {Deflection: b4} 32.
bxc5 (32. bxc5 Bxa4 {Discovered attack} (32... Qxa4 {Pinning}) (32... Qxa4 {
Deflection}) (32... Bc6+ {Decoy})) (32. Qxc5 Bxa4 {Discovered attack} (32...
Qxd3 {Deflection}) (32... Bc6+ {Decoy})) 32... Bc6+ 33. Be4 Bxe4+ (33... Bxe4+
34. Qg2 Bxg2+ 35. Kxg2 Qe4+ 36. Kg1 Rd2 37. Nf4 Bd4+ 38. Rf2 Bxf2+ 39. Kf1 Qh1#
) 0-1

[Event "Landsturneringen 2010"]
[Site "Fredrikstad, Østfold NOR"]
[Date "2010.07.06"]
[Round "5"]
[White "Moberg, Jan Rune"]
[Black "Bull, Håkon"]
[Result "1-0"]
[WhiteElo "1465"]
[BlackElo "1668"]
[Annotator "Moberg, Jan Rune. (kommentar/analyse til 18.Lf3: TF/Fritz 10)"]
[PlyCount "47"]

1. Nf3 f5 2. c4 Nf6 3. d3 {Fikk med ett for meg en plan.} e6 4. Nc3 c6 5. g3 d5
6. cxd5 exd5 7. Bg2 Bd6 8. O-O O-O 9. Bg5 Qe8 {Ut av binding, men dårlig.} 10.
Bxf6 Rxf6 11. e4 {Nå begynner moroen.} fxe4 12. dxe4 dxe4 13. Ng5 $1 Bc7 {
Ut av kommende gaffel, men også tempotap.} 14. Ncxe4 Rh6 {
Det kaller jeg optimistisk.} 15. Qb3+ Kf8 {
Et resultat av forrige trekk. Kh8 taper kvalitet.} 16. Rae1 Qh5 {
Nå er han veldig optimistisk.} 17. h4 Bb6 {Dekker b7 når Lc8 går. Greit nok.}
18. Rd1 {Jeg angriper med utvikling, vil til 3. raden.} ({
Fritz 10 gir hvit en fordel på over 15 poeng etter 18.Lf3!. F.eks.} 18. Bf3 Qg6
(18... Qe8 19. Nf6) 19. Nd6 Bd7 20. Be4 Qf6 21. Bxh7) 18... Na6 19. Rd3 Bf5 $4
{Men hva skal han gjøre ?} 20. Rf3 $1 Qg6 {
Det eneste, men også et tapstrekk som det forrige.} 21. Bh3 $1 Rxh4 {
Her kan han gi opp.} 22. Bxf5 Rh1+ 23. Kxh1 Qh6+ {
Ut av binding, men til hva: Dronningtap eller matt i neste trekk.} 24. Kg2 1-0

[Event "Landsturneringen 2010"]
[Site "Fredrikstad, Østfold NOR"]
[Date "2010.07.07"]
[Round "6"]
[White "Valle, Stian"]
[Black "Garmark, Vegard"]
[Result "1/2-1/2"]
[WhiteElo "1237"]
[BlackElo "1077"]
[Annotator "Fritz 11 (30s)"]
[PlyCount "84"]
[EventDate "2010.07.03"]

{B01: Scandinavian Defence} 1. e4 d5 2. exd5 Qxd5 3. Nc3 Qa5 4. d4 c6 5. Nf3
Nf6 6. Bc4 {last book move} Nbd7 7. Bd2 Qc7 8. Qe2 Nb6 9. Bb3 {
Black has a cramped position. Black's piece can't move: f8} Bf5 (9... e6 10.
O-O $16) 10. O-O-O (10. Ne5 $142 $5 Nfd5 11. Nxd5 Nxd5 12. g4 $16) 10... e6 $14
{Controls d5} 11. Nh4 (11. Ne5 O-O-O 12. g4 Bg6 $14) 11... Bg6 12. Nxg6 hxg6
13. Be3 (13. Ne4 Nxe4 14. Qxe4 Be7 (14... Rxh2 $4 {
A poison bait which should not be taken} 15. Bf4 Bd6 16. Bxh2 Bxh2 17. g3 $18))
13... Nbd5 14. Nxd5 cxd5 15. Ba4+ Nd7 16. Bg5 {Traps the king in the center} (
16. Kb1 O-O-O $14) 16... Be7 17. Bxe7 Kxe7 {Black loses the right to castle}
18. Qf3 a5 19. Rhe1 Nb6 {Black threatens to win material: Nb6xa4} 20. Bb3 (20.
h3 Nxa4 21. Qa3+ Qd6 22. Qxa4 Qb4) 20... Rac8 21. c3 a4 (21... Qc6 $5 22. h3 a4
$17) 22. Bxd5 Nxd5 23. Qxd5 a3 24. Qf3 axb2+ 25. Kxb2 {
White has new hanging pawns: c3+d4} Qb6+ 26. Kc2 Qa5 {
Black threatens to win material: Qa5xa2} (26... Rxh2 $2 {
doesn't lead to anything significant} 27. Rb1 Qa5 28. Rxb7+ Kd8 29. Reb1 $18)
27. h3 {Loses material.} (27. Rb1 $142 $5 {should be considered} b5 28. Re5
Qa4+ 29. Rb3 $14) 27... Qxa2+ $15 28. Kd3 (28. Kc1 Rhd8 29. Rd3 $17) 28... Qa6+
(28... Rxc3+ $142 $1 29. Kxc3 Rc8+ 30. Kd3 Qc2+ 31. Ke3 Rc3+ 32. Kf4 Rxf3+ 33.
Kxf3 b5 $19) 29. Kd2 Rhd8 30. Rc1 (30. Ra1 Qc4 31. Reb1 Kf8) 30... b5 {
White king safety improved} (30... Qa2+ 31. Kd1 $15) 31. Qd3 {
Black king safety improved} (31. Ra1 Qb6 32. Ke2 Rc4) 31... Qc6 {
Black threatens to win material: Qc6xg2} (31... Rc4 32. Ke2 $15) 32. Qe4 Qd7
33. Ke2 b4 34. cxb4 Qb5+ {Black forks: e2+b4} 35. Qd3 {
White threatens to win material: Qd3xb5} Qxb4 {
The isolani on d4 becomes a target} 36. Rxc8 Rxc8 37. Kf1 Rc3 38. Qd2 Qc4+ 39.
Kg1 Rd3 {Black threatens to win material: Rd3xd2} 40. Qb2 (40. Qg5+ $5 {
should not be overlooked} Kd7 41. Qf4) 40... Qxd4 $15 41. Qxd4 Rxd4 42. g3 f5
1/2-1/2

[Event "Landsturneringen 2010"]
[Site "Fredrikstad, Østfold NOR"]
[Date "2010.07.07"]
[Round "6"]
[White "Weberg, Øivind"]
[Black "Smedtorp, Klaus"]
[Result "1-0"]
[WhiteElo "1486"]
[BlackElo "1172"]
[Annotator "Weberg, Øivind"]
[PlyCount "59"]

1. f4 e6 2. e4 Nc6 3. Nf3 h6 4. d4 d5 5. e5 Bd7 6. c4 Bb4+ 7. Bd2 Bxd2+ 8. Qxd2
Nge7 9. Nc3 dxc4 10. Bxc4 Na5 11. Bd3 Bc6 12. Ne4 Bxe4 13. Bxe4 Nac6 14. O-O
Nd5 15. f5 Qd7 16. fxe6 fxe6 17. Bg6+ Ke7 18. Qf2 Kd8 19. Qh4+ Kc8 20. Ng5 Qe7
$1 {Felle.} 21. Nf3 {Heldigvis så jeg det.} Qxh4 22. Nxh4 Kd7 23. Rf7+ Nce7 24.
Raf1 Rag8 25. Be4 Ke8 26. Ng6 Nxg6 27. Bxg6 Kd8 28. Be4 g5 29. Bxd5 exd5 30.
Rc1 {Oppgitt (c6? Txb7)} 1-0

[Event "Landsturneringen 2010"]
[Site "Fredrikstad, Østfold NOR"]
[Date "2010.07.07"]
[Round "6"]
[White "Furnes, Torstein"]
[Black "Øverås, Jan M"]
[Result "1-0"]
[WhiteElo "1535"]
[BlackElo "1551"]
[Annotator "Furnes,Torstein"]
[PlyCount "47"]

1. d4 Nf6 2. c4 e6 3. Nc3 d5 4. Bg5 b6 $6 {
Gir enten bondetap eller svekket bondestruktur på kongefløyen.} 5. cxd5 exd5 6.
Bxf6 gxf6 7. e3 Bf5 8. Bd3 $6 {Fritz foretrekker} (8. Qf3 Be6) 8... Bg6 9. Nf3
c6 10. Rc1 Bd6 11. h4 $6 {Fritz vil spille} (11. Nh4) 11... Bh5 12. Bf5 Rg8 13.
g4 $6 {Tvilsomt. Fritz sitt førstevalg er} (13. Kf1) 13... Rxg4 $5 {
Interessant. Planlagt var} (13... Bxg4 14. Bxg4 Rxg4 15. Ng5 {
men svart står helt ok etter 15.-h5.}) 14. Nxd5 $1 {
Bedre enn å slå tårnet, ifølge Fritz.} (14. Bxg4 Bxg4 {
vurderes av Fritz som helt lik stilling.}) 14... Rg7 15. Ke2 {
Frigjør dronningen fra bindingen.} Bf8 {Kanskje litt passivt.} 16. Nf4 Bg4 17.
Qd3 Bxf5 18. Qxf5 Qd7 $2 {
Taper bonde, men stillingen var uansett vanskelig for svart.} 19. Qxf6 Qd6 20.
Qe5+ (20. Qf5 {er sterkest.}) 20... Kd7 (20... Qxe5 21. Nxe5 Bd6 22. Nh5 Bxe5
23. dxe5 Rg6 24. Nf6+) 21. Qf5+ Kc7 22. Ne5 Qb4 $4 {
Taper straks, men hvit står uansett til vinst.} 23. Rxc6+ $1 Kd8 (23... Nxc6
24. Qd7+ Kb8 25. Nxc6#) (23... Kb7 24. Qc8#) 24. Qc8+ {
Oppgitt. Svart blir matt etter 24.-Ke7  25.Sd5#} 1-0

[Event "Landsturneringen 2010"]
[Site "Fredrikstad, Østfold NOR"]
[Date "2010.07.10"]
[Round "9"]
[White "Lauritsen, Tor"]
[Black "Weberg, Øivind"]
[Result "0-1"]
[WhiteElo "1310"]
[BlackElo "1486"]
[Annotator "Fritz 10"]
[PlyCount "112"]

1. e4 e6 2. Nc3 g6 3. b3 Bg7 4. Bb2 Ne7 5. Rb1 O-O 6. Nf3 f5 7. e5 d5 8. d4 b6
9. Ne2 Ba6 10. g3 c5 11. dxc5 bxc5 12. Ng5 Qd7 13. Nf4 Bxf1 14. Kxf1 Bh6 15.
Ngxe6 Rc8 16. h4 Bxf4 17. Nxf4 d4 $1 18. c4 Nbc6 19. Qf3 Nxe5 20. Qe2 Qb7 21.
Kg1 Nf3+ 22. Kf1 Nd2+ 23. Kg1 Nxb1 24. Qe6+ Kg7 25. h5 Rc6 26. Qe5+ Rf6 27.
Ne6+ (27. hxg6 Nxg6 (27... hxg6 $4 28. Ne6+ Kf7 29. Rh7+ Ke8 30. Qxf6) 28. Nh5+
Kf8 29. Qxf6+ Qf7 30. Qc6) 27... Kf7 28. Ng5+ Ke8 29. Qxf6 Qc6 30. Qxc6+ Nxc6
31. hxg6 h6 32. Rxh6 Ke7 33. Rh7+ (33. g7 d3 34. Kf1 Rg8 35. Rxc6) 33... Kf6
34. Bc1 Ne7 35. Bf4 (35. Rf7+ Kxg6 36. Rxe7) 35... d3 36. Rh4 (36. Rf7+ Kxg6
37. Rxe7) 36... Ng8 (36... Nxg6) (36... d2 37. Bxd2 Nxd2) 37. Nf7 (37. Nf3)
37... Kxg6 38. Nh6 (38. Ne5+ Kg7 39. Nxd3) 38... Kf6 (38... d2 39. Bxd2 Nxd2)
39. Rh5 Rd8 40. Nxf5 (40. Rxf5+ Kg6 41. Rg5+ Kh7 42. Nxg8 Rxg8 43. Rd5) 40...
Nc3 {De siste 10 trekk tidsnød!} 41. Ne3 Rd7 42. Nd5+ Nxd5 43. cxd5 Ne7 44. d6
Rxd6 $1 45. Bd2 Nf5 46. g4 Nd4 47. Kf1 Rd7 48. Rxc5 Re7 49. Rc1 (49. Rd5 Nc6
50. Rxd3) 49... Nf3 50. Rd1 Ke5 51. g5 Kd4 52. g6 Nxd2+ 53. Rxd2 Kc3 54. g7
Rxg7 55. Rd1 Kc2 56. Rxd3 Kxd3 0-1

[Event "Landsturneringen 2009"]
[Site "Bergen, Hordaland NOR"]
[Date "2009.07.11"]
[Round "8"]
[White "Furnes, Torstein"]
[Black "Fløtten, Erling"]
[Result "1-0"]
[WhiteElo "1507"]
[BlackElo "1645"]
[PlyCount "44"]
[EventDate "2009.07.05"]

1. d4 d5 2. c4 c6 3. cxd5 cxd5 4. Nc3 e6 5. Nf3 Nc6 6. Bf4 Bd6 7. Bxd6 Qxd6 8.
e3 a6 9. Rc1 Bd7 10. Bd3 Nf6 11. a3 h6 12. b4 b5 13. Rc2 O-O 14. O-O Ne7 15.
Ne5 Rfc8 16. f4 Nf5 17. Qf3 Be8 18. g4 Ne7 19. g5 hxg5 20. fxg5 Nd7 21. Nxf7
Qb6 22. Bh7+ Kxh7 1-0